01245nam a2200313 a 4500001001100000003000800011006001900019007001500038008004100053010001700094020002800111020003500139040002100174035002100195050002500216082001200241100002700253245010500280260005600385300003000441504006400471533015200535650002200687651003600709655002900745710001700774856012500791999001500916ebr5001744CaPaEBRm u cr cn|||||||||981027s1999 hiuab sb s001 0 eng  z 98046950  z0824820649 (alk. paper) z0824821416 (pbk. : alk. paper) aCaPaEBRcCaPaEBR a(OCoLC)61455613214aDS821b.S3256 1999eb04a9522211 aSchnell, Scott,d1954-14aThe rousing drumh[electronic resource] :britual practice in a Japanese community /cScott Schnell. aHonolulu, HI :bUniversity of Hawai'i Press,c1999. axi, 363 p. :bill., maps. aIncludes bibliographical references (p. 335-350) and index. aElectronic reproduction.bPalo Alto, Calif. :cebrary,d2013.nAvailable via World Wide Web.nAccess may be limited to ebrary affiliated libraries. 0aFestivalszJapan. 0aJapanxSocial life and customs. 7aElectronic books.2local2 aebrary, Inc.40uhttp://site.ebrary.com/lib/rucke/Doc?id=5001744zAn electronic book accessible through the World Wide Web; click to view c1344d1344